| 000 | 00609cam a22002291 4500 | ||
|---|---|---|---|
| 999 |
_c20362 _d20362 |
||
| 001 | 7435528 | ||
| 003 | BDDh-ASL | ||
| 005 | 20231015025859.0 | ||
| 008 | 770222s1942 ii 000 0 eng | ||
| 010 | _a 51046669 | ||
| 035 | _a(OCoLC)2754935 | ||
| 040 |
_aDLC _cPU _dDLC _dBDDh-ASL |
||
| 050 | 0 | 0 |
_aPZ3.N737 _bSc |
| 082 |
_a297.09 _bFIS |
||
| 100 | 1 |
_aNūn, Fīroz K̲h̲ān̲, _d1893- |
|
| 245 | 1 | 0 | _aScented dust / |
| 260 |
_aLahore: _bR. S. M. Gulab Singh, _c1942. |
||
| 300 |
_a494 p. _c21 cm. |
||
| 650 | 0 |
_91652 _aIslam |
|
| 906 |
_a7 _bcbc _coclcrpl _du _encip _f19 _gy-gencatlg |
||
| 942 |
_2ddc _cBK |
||